00342nam a2200157Ia 4500003000500000008004100005020001800046040001900064082000700083100002100090245002000111260002300131300001000154365000800164546001200172STCL221019s9999 xx 000 0 und d a9789380005416 aSTCLcSTCLbEN 222 aKipling, Rudyard 4aThe jungle book bMaple PressaNoida a234 p b125 aEnglish